حكيم الثورة : (Record no. 13892)
[ view plain ]
| 000 -الفاتح | |
|---|---|
| حقل البيانات ثابتة الطول | 01080nam a2200289 i 4500 |
| 003 - محدد رقم الضبط | |
| رقم الضبط | EG-ScBUE |
| 005 - وقت وتاريخ اخر تعامل مع التسجيلة | |
| رقم الضبط | 20240219124157.0 |
| 008 - عناصر البيانات ثابتة الطول - معلومات عامة | |
| حقل البيانات ثابتة الطول | 100401s2008 le o f 000 0bbara d |
| 020 ## - الرقم الدولى المعيارى للكتب | |
| الرقم الدولى المعيارى للكتاب | 9789953742083 |
| 040 ## - مصدر الفهرسة | |
| وكالة الفهرسة الأصلية | EG-ScBUE |
| لغة الفهرسة | ara |
| قواعد الوصف | rda |
| وكالة النسخ | EG-ScBUE |
| وكالة التعديل | EG-ScBUE |
| 043 ## - رمز المنطقة الجغرافية | |
| رمز المنطقة الجغرافية | awba--- |
| -- | awgz--- |
| 082 04 - رقم تصنيف ديوى العشرى | |
| رقم الطبعة | 22 |
| رقم التصنيف | 956.9405092 |
| رقم المادة | م ط ر |
| 100 1# - المدخل الرئيسى - إسم شخصى | |
| 9 (RLIN) | 13561 |
| الإسم الشخصى | مطر، فؤاد، |
| الدور | مؤلف. |
| 245 10 - بيان العنوان | |
| العنوان | حكيم الثورة : |
| بقية العنوان | سيرة جورج حبش ونضاله / |
| بيان المسئوليه,etc | فؤاد مطر. |
| 250 ## - بيان الطبعة | |
| بيان الطبعة | الطبعة الأولى. |
| 264 #1 - النشر، التوزيع | |
| مكان الناشر او الموزع | بيروت : |
| اسم الناشر او الموزع | دار النهار للنشر، |
| تاريخ النشر أو التوزيع | 2008. |
| 300 ## - الوصف المادى | |
| التعداد | 155 صفحة : |
| تفاصيل ماديه اخرى للوعاء | صور ؛ |
| أبعاد الوعاء | 22 سم. |
| 336 ## - نوع المحتوى | |
| source | rdacontent |
| Carrier Type Term | نص |
| Content Type Code | txt |
| 337 ## - نوع الوسيط | |
| Media Type Term | بدون وسيط |
| source | rdamedia |
| Media Type Code | n |
| 338 ## - نوع الحامل أو الناقل | |
| Carrier Type Term | مجلد |
| Carrier Type Code | nc |
| source | rdacarrier |
| 490 0# - بيان السلسلة | |
| عنوان السلسلة | سلسلة أعماله الشاملة |
| 600 17 - المدخل الاضافى بالموضوع-اسم شخصى | |
| 9 (RLIN) | 13341 |
| الإسم الشخصى | حبش، جورج. |
| مصدر الرأس أو المصطلح | BUEsh |
| 650 #7 - المدخل الاضافى بالموضوع-مصطلح موضوعى | |
| مصطلح موضوعي أو اسم جغرافي كعنصر مدخل | السياسيون الفلسطينيون |
| التقسيم الفرعي الشكلي | تراجم. |
| مصدر الرأس أو المصطلح | BUEsh |
| 651 #7 - المدخل الاضافى بالموضوع - اسم جغرافى | |
| 9 (RLIN) | 13340 |
| الاسم الجغرافي | فلسطين |
| التقسيم الفرعي العام | تاريخ |
| التقسيم الفرعي الزمني | العصر الحديث. |
| مصدر الرأس أو المصطلح | BUEsh |
| 655 ## - مصطلح تكشيفى-نوع/شكل | |
| التقسيم الفرعي الشكلي | Reading book |
| 942 ## - عناصر المدخل الإضافي( كوها) | |
| مصدر التصنيف او مخطط الترفيف | Dewey Decimal Classification |
| Koha [default] item type | Book - Borrowing |
| حالة التراجع | حالة الفقد | مصدر التصنيف او خطة الترفيف | حالة تلف | ليس للاعارة | مجموعات كوها | المكان الدائم | المكان الحالي | موقع الترفيف | تاريخ الاكتساب | Source of acquisition | سعر الشراء الطبيعي | تعداد مسلسل / التسلسل الزمني | رقم الاستدعاء | الباركود | Date last seen | نوع الوعاء |
|---|---|---|---|---|---|---|---|---|---|---|---|---|---|---|---|---|
| Dewey Decimal Classification | Dar Amoag | Central Library | Central Library | Second Floor | 14/04/2010 | Purchase | 55.00 | 56 | 956.9405092 م ط ر | 000017537 | 15/07/2025 | Book - Borrowing |